000 00636nam a2200229Ia 4500
003 OSt
005 20240904151037.0
008 210329s9999||||xx |||||||||||||| ||und||
020 _a8176901342
040 _cSTCPL
041 _aMAL
041 _hMAL
082 _aM07
_bPRI-A
100 _aPriyadarsanan, G
_qജി.പ്രിയദർശനൻ
245 0 _aAadyakaala maasikakal /
_hആദ്യകാലമാസികകള്‍
_cby G.Priyadarsanan
260 _aTrichur :
_bKerala Sahitya Academy ,
_c2007 .
300 _a238 p.
_bPB
650 _aMalayalam literature
650 _aStudy
942 _cBK
942 _2ddc
999 _c64132
_d64132